000
00266nam a22000977a 4500
999
_c
16193
_d
16193
003
OSt
008
200619b ||||| |||| 00| 0 eng d
100
_a
Roop Kishore Tandon, Sheo Prasad Dhondyal
_9
4612
245
_a
Principles & Methods of Farm Management
942
_c
BK